[Event "SUI-chT"]
[Site "SUI"]
[Date "1999.??.??"]
[Round "8.8"]
[White "Karl, Hans"]
[Black "Matthey, Philippe"]
[Result "1-0"]
[WhiteElo "2242"]
[BlackElo "2189"]
[PlyCount "57"]
[EventDate "1999.01.??"]
[Source "www.chesslib.no"]
[SourceDate "2004.05.04"]

1. d4 Nf6 2. c4 e5 3. d5 Bc5 4. Nc3 O-O 5. e4 d6 6. h3 Ne8 7. Bd3 f5 8. Nf3 f4 9. Bd2 a5 10. a3 Bd7 11. Qe2 Na6 12. Bc2 c6 13. O-O-O Nf6 14. g3 fxg3 15. fxg3 Nh5 16. Qg2 Qf6 17. Rdf1 Qg6 18. Ne2 b5 19. Nh4 Qe8 20. Rxf8+ Qxf8 21. Rf1 Qe8 22. dxc6 Bxc6 23. cxb5 Bxb5 24. Bb3+ Kh8 25. Rf7 a4 26. Bd5 Rc8 27. Nc3 Bd4 28. Qf3 g6 29. Bg5 1-0

[Event "Mfr.2004/05"]
[Site "?"]
[Date "2004.10.17"]
[Round "1.2"]
[White "Simic Milan"]
[Black "Lauer Moritz"]
[Result "1/2-1/2"]
[WhiteElo "2184"]
[BlackElo "2232"]
[PlyCount "103"]
[EventDate "2004.??.??"]
[Source "www.chesslib.no"]
[SourceDate "2004.05.04"]

1. d4 Nf6 2. c4 e5 3. d5 Bc5 4. g3 O-O 5. Bg2 d6 6. e3 Bg4 7. Ne2 Qc8 8. O-O Bh3 9. Nbc3 a5 10. b3 Na6 11. Na4 h5 12. Bd2 Bb4 13. a3 Bxd2 14. Qxd2 h4 15. f3 Bxg2 16. Kxg2 e4 17. b4 exf3+ 18. Rxf3 axb4 19. axb4 Qe8 20. Nb2 Ne4 21. Qd4 hxg3 22. Nxg3 Nxg3 23. Rxg3 Qe5 24. Nd3 Qxd4 25. exd4 c6 26. dxc6 bxc6 27. Ra5 Nc7 28. Nf4 Rxa5 29. bxa5 Re8 30. Kf2 Re4 31. Ne2 c5 32. Rd3 Kf8 33. Re3 Rh4 34. Kg3 cxd4 35. Kxh4 dxe3 36. Kg3 Ke7 37. Kf3 Kd7 38. Kxe3 Kc6 39. Nc3 d5 40. Kd3 Kc5 41. cxd5 Nxd5 42. Ne4+ Kc6 43. Kd4 Nc7 44. Kc4 Ne6 45. Ng3 g6 46. Ne2 f5 47. Nc1 Ng5 48. Nd3 Nf3 49. h3 g5 50. Nf2 Ne5+ 51. Kd4 g4 52. hxg4 1/2-1/2

[Event "Politiken, Copenhagen DEN"]
[Site "Copenhagen"]
[Date "1996.??.??"]
[Round "?"]
[White "Clausen, S."]
[Black "Jensen, H."]
[Result "1-0"]
[WhiteElo "2255"]
[BlackElo "2150"]
[PlyCount "61"]
[EventDate "1996.??.??"]
[Source "www.chesslib.no"]
[SourceDate "2004.05.04"]

1. d4 Nf6 2. c4 e5 3. d5 Bb4+ 4. Bd2 Bxd2+ 5. Nxd2 e4 6. e3 d6 7. Ne2 O-O 8. Nc3 Re8 9. Be2 Bf5 10. g4 Bg6 11. h4 h6 12. Nb3 a5 13. Qd2 Nbd7 14. O-O-O Ne5 15. Rdg1 Nfd7 16. h5 Bh7 17. g5 hxg5 18. h6 a4 19. Nd4 Nc5 20. hxg7 Ned3+ 21. Bxd3 Nxd3+ 22. Kb1 Bg6 23. f4 Nxf4 24. Ka1 Kxg7 25. exf4 e3 26. Qh2 Rh8 27. Qxh8+ Qxh8 28. Rxh8 Rxh8 29. fxg5 Bd3 30. Nxa4 Bxc4 31. Nf5+ 1-0

[Event "Oberliga Nord W9899"]
[Site "Germany"]
[Date "1998.??.??"]
[Round "?"]
[White "Karges, Dieter"]
[Black "Behr, Ralf"]
[Result "1-0"]
[WhiteElo "2205"]
[BlackElo "2195"]
[PlyCount "125"]
[EventDate "1998.??.??"]
[Source "www.chesslib.no"]
[SourceDate "2004.05.04"]

1. d4 Nf6 2. c4 e5 3. d5 Bc5 4. e3 O-O 5. Ne2 d6 6. Ng3 Ng4 7. h3 Nf6 8. Be2 Ne8 9. Nc3 f5 10. O-O a5 11. Bd2 Qh4 12. Qe1 Na6 13. a3 Nf6 14. Kh2 f4 15. exf4 exf4 16. Nh1 Bf5 17. Qd1 Rae8 18. f3 Nh5 19. Ne4 Bxe4 20. fxe4 Ng3 21. Rf3 Nxe4 22. Bxa5 Ng5 23. Rf1 Ne4 24. Be1 Qf6 25. Rb1 Be3 26. Bf3 Nac5 27. Qc2 Ng5 28. Bg4 Nce4 29. Rd1 Qe5 30. h4 Nf7 31. Bf3 Nf6 32. Nf2 Nh6 33. Nh3 Nhg4+ 34. Kh1 Qe7 35. Ng5 g6 36. Ne6 Rf7 37. Ng5 Rff8 38. Ne6 Nh6 39. g3 fxg3 40. Bxg3 Nf5 41. Qh2 Rf7 42. Rde1 Qd7 43. Bf4 Bxf4 44. Qxf4 Qa4 45. Bd1 Qd7 46. Qg5 Nxd5 47. cxd5 Qb5 48. Nf4 Re3 49. Rg1 Rxe1 50. Rxe1 Qxb2 51. Re8+ Rf8 52. Rxf8+ Kxf8 53. Qd8+ Kf7 54. Qxc7+ Kf6 55. Qd8+ Kf7 56. Qd7+ Kf6 57. Qe6+ Kg7 58. Nh5+ Kh6 59. Qg8 Ng3+ 60. Kg1 Qb6+ 61. Kg2 Nxh5 62. Bxh5 Qc5 63. Bf3 1-0

[Event "HUN-chT2 9798"]
[Site "HUN"]
[Date "1998.??.??"]
[Round "?"]
[White "Frank, Jozsef"]
[Black "Szidon, Peter"]
[Result "1-0"]
[WhiteElo "2180"]
[BlackElo "2215"]
[PlyCount "61"]
[EventDate "1997.??.??"]
[Source "www.chesslib.no"]
[SourceDate "2004.05.04"]

1. d4 Nf6 2. c4 e5 3. Bg5 Be7 4. dxe5 Ng4 5. Bxe7 Qxe7 6. Nf3 Qb4+ 7. Qd2 Qxc4 8. h3 Nh6 9. Qc3 Qxc3+ 10. Nxc3 Nc6 11. e3 Kd8 12. Bb5 Re8 13. Bxc6 dxc6 14. O-O Bf5 15. Rfd1+ Kc8 16. g4 Bg6 17. Rd4 b6 18. Rad1 Kb7 19. Rd7 Ng8 20. b4 h5 21. Nh4 Rxe5 22. Nxg6 fxg6 23. Rxg7 Ne7 24. e4 hxg4 25. hxg4 a5 26. Rd7 axb4 27. Ne2 Rxa2 28. Nd4 Rd2 29. Nxc6 Rxd7 30. Nxe5 b5 31. Nxd7 1-0

[Event "Gongyos Matra op 25th"]
[Site "?"]
[Date "2002.07.23"]
[Round "1"]
[White "Kiss Balazs"]
[Black "Majeric Zoran"]
[Result "0-1"]
[WhiteElo "2042"]
[BlackElo "2350"]
[PlyCount "38"]
[EventDate "2002.??.??"]
[Source "www.chesslib.no"]
[SourceDate "2004.05.04"]

1. d4 Nf6 2. c4 e5 3. Nf3 e4 4. Ng1 Bb4+ 5. Nc3 O-O 6. Bg5 h6 7. Bh4 e3 8. Qb3 Bxc3+ 9. Qxc3 exf2+ 10. Bxf2 Ne4 11. Qf3 d5 12. e3 Qe7 13. O-O-O Bg4 14. Qxg4 Nxf2 15. Qf3 Nxd1 16. Kxd1 Re8 17. Kd2 dxc4 18. a3 c5 19. Ne2 Nc6 0-1

[Event "Lisbon Masters-B"]
[Site "Lisbon"]
[Date "1996.??.??"]
[Round "4"]
[White "Reis, Luis Sousa"]
[Black "Morais, Vitor"]
[Result "1-0"]
[WhiteElo "2200"]
[BlackElo "2190"]
[PlyCount "37"]
[EventDate "1996.??.??"]
[Source "www.chesslib.no"]
[SourceDate "2004.05.04"]

1. d4 Nf6 2. c4 e5 3. e3 Nc6 4. Nf3 Bb4+ 5. Nc3 exd4 6. exd4 O-O 7. Be2 Ne4 8. Qc2 Re8 9. O-O Nxc3 10. bxc3 Bxc3 11. Qxc3 Rxe2 12. d5 Nb8 13. Be3 d6 14. Nd4 Rxe3 15. fxe3 Na6 16. e4 g6 17. Rf4 Bd7 18. Raf1 Be8 19. Ne6 1-0

[Event "Corr"]
[Site "?"]
[Date "2002.09.16"]
[Round "?"]
[White "Gandolfo Hugo"]
[Black "Briao Paulo Amilcar Goene"]
[Result "1/2-1/2"]
[WhiteElo "2189"]
[BlackElo "2199"]
[PlyCount "39"]
[EventDate "2002.??.??"]
[Source "www.chesslib.no"]
[SourceDate "2004.05.04"]

1. d4 Nf6 2. c4 e5 3. d5 Bc5 4. Nc3 d6 5. e4 O-O 6. h3 Na6 7. Bg5 h6 8. Bh4 Bb4 9. f3 Bd7 10. Bd3 Bc5 11. a3 g5 12. Bf2 c6 13. Qc2 cxd5 14. cxd5 Bxf2+ 15. Qxf2 Nc5 16. Bc2 Qb6 17. b4 a5 18. Rb1 axb4 19. axb4 Na4 20. Bxa4 1/2-1/2

[Event "Mallorca-ch pref"]
[Site "?"]
[Date "2000.12.16"]
[Round "7"]
[White "Segura Ariza Jose Luis"]
[Black "Bergas Ferriol Jeronimo"]
[Result "1-0"]
[WhiteElo "2250"]
[BlackElo "2131"]
[PlyCount "69"]
[EventDate "2000.??.??"]
[Source "www.chesslib.no"]
[SourceDate "2004.05.04"]

1. d4 Nf6 2. c4 e5 3. d5 Bc5 4. Nc3 d6 5. h3 a6 6. e4 O-O 7. Bd3 Ne8 8. g4 c6 9. a4 Nc7 10. Qf3 Nd7 11. Qg3 Rb8 12. Nf3 Bb4 13. O-O Nc5 14. Bc2 Bxc3 15. bxc3 Ne8 16. Be3 Nd7 17. c5 cxd5 18. exd5 dxc5 19. Nxe5 Nef6 20. Nxd7 Nxd7 21. Bxc5 Nxc5 22. Qxb8 Qxd5 23. Qf4 f5 24. Rfd1 Qc6 25. Rd6 Qc7 26. Rad1 fxg4 27. Bxh7+ Kxh7 28. Rh6+ gxh6 29. Qxc7+ Kh8 30. Qxc5 Rg8 31. h4 g3 32. Qe5+ Kh7 33. fxg3 b5 34. Rf1 Bg4 35. Qe4+ 1-0

[Event "Collado-Villalba"]
[Site "?"]
[Date "1994.??.??"]
[Round "?"]
[White "Freijedo, S."]
[Black "Gabriel Y Galan, J."]
[Result "1-0"]
[WhiteElo "2300"]
[BlackElo "2080"]
[PlyCount "47"]
[EventDate "1994.??.??"]
[Source "www.chesslib.no"]
[SourceDate "2004.05.04"]

1. d4 Nf6 2. c4 e5 3. d5 g6 4. Nc3 d6 5. e4 Bg7 6. Be2 O-O 7. g4 c6 8. Be3 Na6 9. g5 Ne8 10. h4 Nec7 11. Bg4 cxd5 12. cxd5 Bxg4 13. Qxg4 Nb4 14. O-O-O Rc8 15. Kb1 b6 16. h5 Qe7 17. Qh3 Bh8 18. Nf3 Nba6 19. Nh4 Bg7 20. Rdg1 Nc5 21. hxg6 fxg6 22. Nf5 Rxf5 23. Qxh7+ Kf7 24. exf5 1-0

[Event "XIV Open Belisce Metalis"]
[Site "Bizovac CRO"]
[Date "2007.02.25"]
[Round "7"]
[White "Matanovic, N."]
[Black "Kristovic, M."]
[Result "0-1"]
[WhiteElo "2079"]
[BlackElo "2296"]
[PlyCount "44"]
[EventDate "2007.02.22"]
[Source "www.chesslib.no"]
[SourceDate "2004.05.04"]

1. d4 Nf6 2. c4 e5 3. e3 exd4 4. exd4 Bb4+ 5. Bd2 Bxd2+ 6. Nxd2 O-O 7. Qc2 Re8+ 8. Be2 Nc6 9. O-O-O Nxd4 10. Qd3 Nxe2+ 11. Nxe2 d6 12. h3 b6 13. g4 Bb7 14. Rhg1 Qe7 15. Nc3 Nd7 16. Kb1 Ne5 17. Qg3 Ng6 18. f3 a6 19. Nde4 Qe5 20. Qf2 Qf4 21. Ka1 Bxe4 22. Nxe4 Rxe4 0-1

[Event "Condom"]
[Site "?"]
[Date "2005.07.13"]
[Round "6.9"]
[White "Serres Olivier"]
[Black "Leygue Dominique"]
[Result "0-1"]
[WhiteElo "2050"]
[BlackElo "2322"]
[PlyCount "28"]
[EventDate "2005.??.??"]
[Source "www.chesslib.no"]
[SourceDate "2004.05.04"]

1. d4 Nf6 2. c4 e5 3. Bg5 exd4 4. Qxd4 Be7 5. Nf3 Nc6 6. Qd1 h6 7. Bh4 g5 8. Bg3 Bb4+ 9. Nc3 Ne4 10. Qd3 Qe7 11. Nd4 d6 12. Nxc6 bxc6 13. e3 Bxc3+ 14. bxc3 Bf5 0-1

[Event "Budapest HUN"]
[Site "?"]
[Date "1995.??.??"]
[Round "4"]
[White "Szirmai Eduard"]
[Black "Rabovszky Gyorgy"]
[Result "1-0"]
[WhiteElo "2245"]
[BlackElo "2125"]
[PlyCount "79"]
[EventDate "1995.??.??"]
[Source "www.chesslib.no"]
[SourceDate "2004.05.04"]

1. d4 Nf6 2. c4 e5 3. e3 exd4 4. exd4 Bb4+ 5. Nc3 O-O 6. Bd3 d5 7. Nge2 dxc4 8. Bxc4 Bg4 9. O-O Nc6 10. Be3 Qd7 11. f3 Bf5 12. Bf2 Na5 13. Bd3 Bxd3 14. Qxd3 c5 15. Rfd1 c4 16. Qc2 b5 17. d5 a6 18. Bh4 Be7 19. Kh1 Ng4 20. fxg4 Bxh4 21. Rd4 Bf6 22. Rf4 Bxc3 23. Qxc3 Nb7 24. Qd4 Qe7 25. Ng3 Qc5 26. Qc3 Nd6 27. Rd1 b4 28. Qc2 c3 29. Nf5 Nxf5 30. Rxf5 Qe3 31. Rf3 Qg5 32. bxc3 Qxg4 33. c4 Rae8 34. h3 Qe4 35. Qxe4 Rxe4 36. c5 Rc4 37. d6 Rxc5 38. d7 Rd8 39. Re3 Kf8 40. Rde1 1-0

[Event "TCh-ESP Div"]
[Site "?"]
[Date "2001.??.??"]
[Round "?"]
[White "Alonso Pascual, F."]
[Black "Vidal del Rio, M."]
[Result "1/2-1/2"]
[WhiteElo "2260"]
[BlackElo "2105"]
[PlyCount "124"]
[EventDate "2001.??.??"]
[Source "www.chesslib.no"]
[SourceDate "2004.05.04"]

1. d4 Nf6 2. c4 e5 3. d5 Bc5 4. Nc3 a5 5. Nf3 d6 6. Bg5 Bf5 7. e4 Bg6 8. Bd3 c6 9. O-O h6 10. Bh4 Na6 11. Rc1 Nc7 12. Qa4 Ra6 13. dxc6 bxc6 14. Nd5 O-O 15. Nxf6+ gxf6 16. Qc2 Ne6 17. Rfd1 Ng5 18. Nd2 Kg7 19. Nb3 Ne6 20. Nxc5 dxc5 21. Qe2 Qc7 22. Qf3 Qe7 23. Qe3 Rb8 24. b3 a4 25. Bc2 axb3 26. Bxb3 Nd4 27. f3 Ra7 28. Be1 f5 29. Bc3 f4 30. Qd3 f6 31. Bxd4 cxd4 32. g3 fxg3 33. hxg3 Kh7 34. Rd2 c5 35. Rh2 Rh8 36. Qd2 Qf8 37. Kg2 Kg8 38. Rch1 h5 39. Rh4 Rhh7 40. Kf2 Qa8 41. Re1 Qd8 42. f4 Qa5 43. Qc1 Rag7 44. Re2 Be8 45. Rb2 Qa3 46. Qd2 Bc6 47. fxe5 fxe5 48. Rb1 Qa8 49. Bc2 Qf8+ 50. Kg2 Qf6 51. Rb8+ Kf7 52. Rh3 Bd7 53. Rb7 Ke8 54. Rxd7 Kxd7 55. Qa5 Qd6 56. Qa8 Rf7 57. Ba4+ Ke7 58. Rh1 Rhg7 59. Qe8+ Kf6 60. Rxh5 Qe7 61. Rf5+ Kg6 62. Rxe5 Qb7 1/2-1/2

[Event "HUN-chT2 9899"]
[Site "?"]
[Date "1998.??.??"]
[Round "?"]
[White "Szobi Geza Jr"]
[Black "Goczan Laszlo"]
[Result "0-1"]
[WhiteElo "2155"]
[BlackElo "2205"]
[PlyCount "90"]
[EventDate "1998.??.??"]
[Source "www.chesslib.no"]
[SourceDate "2004.05.04"]

1. d4 Nf6 2. c4 e5 3. d5 Bc5 4. Nc3 d6 5. e4 O-O 6. h3 c6 7. Nf3 cxd5 8. cxd5 a6 9. a4 Ne8 10. Bc4 h6 11. O-O f5 12. Qe2 f4 13. Bd2 Nf6 14. Rab1 a5 15. Kh1 g5 16. Ne1 g4 17. Rg1 Kh7 18. Nd3 Bb6 19. b4 axb4 20. Rxb4 gxh3 21. g3 Bg4 22. f3 Bxg1 23. Rxb7+ Bd7 24. Kxg1 Qc8 25. Rb4 Rg8 26. g4 h5 27. Qf2 Rg6 28. Qh4 Nxg4 29. Qxh5+ Nh6+ 30. Kf1 Qg8 31. Nf2 Rg1+ 32. Ke2 Qg2 33. Rb1 Rxb1 34. Nxb1 Rxa4 35. Bd3 Qg3 36. Be1 Ra7 37. Nd2 Na6 38. Nf1 Qg6 39. Qh4 Nc5 40. Qe7+ Nf7 41. Ng4 Bxg4 42. Qxa7 Bxf3+ 43. Kd2 Nxd3 44. Kxd3 Qxe4+ 45. Kd2 Qe2+ 0-1

[Event "Saarlouis (29.05.-06.06)"]
[Site "?"]
[Date "1999.06.06"]
[Round "9"]
[White "Trommsdorff Friedrich"]
[Black "Schaffarth Peter"]
[Result "1/2-1/2"]
[WhiteElo "2176"]
[BlackElo "2183"]
[PlyCount "90"]
[EventDate "1999.??.??"]
[Source "www.chesslib.no"]
[SourceDate "2004.05.04"]

1. d4 Nf6 2. c4 e5 3. Nf3 exd4 4. Nxd4 Bb4+ 5. Bd2 Bxd2+ 6. Qxd2 O-O 7. Nc3 d6 8. g3 Nbd7 9. Bg2 Nb6 10. b3 d5 11. cxd5 Nbxd5 12. Nxd5 Nxd5 13. Nc2 Nf6 14. Rd1 Qe7 15. Qe3 Qxe3 16. Nxe3 c6 17. O-O Be6 18. Rd2 Rfd8 19. Rfd1 Rxd2 20. Rxd2 Kf8 21. f4 Re8 22. Kf2 Ng4+ 23. Nxg4 Bxg4 24. b4 Ke7 25. Be4 Bd7 26. Ke3 h6 27. Kd4 Rc8 28. Bd3 b6 29. e4 c5+ 30. bxc5 Rxc5 31. Rc2 Ra5 32. Bc4 Ra4 33. Kd3 f6 34. Bb3 Ra5 35. Kd4 Kd6 36. Re2 Rc5 37. e5+ fxe5+ 38. fxe5+ Ke7 39. Rc2 Rxc2 40. Bxc2 Be6 41. a3 Kd7 42. Be4 Kc7 43. h4 Kd7 44. Bf3 Ke7 45. Be4 Kd7 1/2-1/2

[Event "HUN-chT2 0102"]
[Site "?"]
[Date "2002.04.07"]
[Round "10"]
[White "Furesz Jozsef"]
[Black "Fabri Ferenc"]
[Result "0-1"]
[WhiteElo "2093"]
[BlackElo "2265"]
[PlyCount "80"]
[EventDate "2002.??.??"]
[Source "www.chesslib.no"]
[SourceDate "2004.05.04"]

1. d4 Nf6 2. c4 e5 3. d5 Bc5 4. e3 O-O 5. Bd2 d6 6. b4 Bb6 7. Nc3 c6 8. Bd3 a5 9. a3 Na6 10. Qb1 g6 11. Nge2 Nh5 12. Ng3 Ng7 13. O-O f5 14. Na4 axb4 15. axb4 cxd5 16. cxd5 Bd7 17. Qb2 Bxa4 18. Rxa4 Nc7 19. Rfa1 Rxa4 20. Rxa4 Nge8 21. b5 Nf6 22. Qa2 Kg7 23. Bc4 Ng4 24. h3 Nxf2 25. Kxf2 f4 26. Ke2 fxg3 27. Be1 Qg5 28. Qd2 Qf5 29. Kd1 Qb1+ 30. Ke2 Qe4 31. Kd1 Bxe3 32. Qc2 Qd4+ 33. Bd3 Qxd5 34. Qxc7+ Rf7 35. Qc2 Bf2 36. Bc3 Qxg2 37. Qe2 Qxh3 38. Bxe5+ dxe5 39. Qxe5+ Kh6 40. Qe2 g2 0-1

[Event "Boeblingen"]
[Site "?"]
[Date "2001.12.27"]
[Round "3"]
[White "Reljic Radomir"]
[Black "Gritsch Christoph"]
[Result "0-1"]
[WhiteElo "2231"]
[BlackElo "2127"]
[PlyCount "58"]
[EventDate "2001.??.??"]
[Source "www.chesslib.no"]
[SourceDate "2004.05.04"]

1. d4 Nf6 2. c4 e5 3. d5 Bc5 4. Nc3 d6 5. Nf3 Bg4 6. h3 Bxf3 7. gxf3 c6 8. Rg1 Qb6 9. e3 cxd5 10. cxd5 O-O 11. a3 a5 12. Bd3 Nbd7 13. Qa4 Qd8 14. Qh4 g6 15. e4 Ne8 16. Bg5 Qb6 17. Rb1 f6 18. Bh6 Ng7 19. Rg2 Bd4 20. Bd2 Nc5 21. Bc2 Rac8 22. b4 Bxc3 23. Bxc3 Nd3+ 24. Bxd3 Rxc3 25. bxa5 Qxa5 26. Ke2 Qxa3 27. Rxb7 Rxd3 28. Qh6 Qa2+ 29. Ke1 Qa1+ 0-1

[Event "Kurent"]
[Site "Ptuj"]
[Date "1993.??.??"]
[Round "?"]
[White "Soponyai, Tamas"]
[Black "Petek, Pavel"]
[Result "1/2-1/2"]
[WhiteElo "2135"]
[BlackElo "2220"]
[PlyCount "44"]
[EventDate "1993.??.??"]
[Source "www.chesslib.no"]
[SourceDate "2004.05.04"]

1. d4 Nf6 2. c4 e5 3. Nf3 exd4 4. Nxd4 d5 5. e3 Bb4+ 6. Bd2 Bxd2+ 7. Nxd2 O-O 8. Be2 c5 9. N4f3 Nc6 10. cxd5 Nxd5 11. O-O Be6 12. Ne4 Qb6 13. Qc1 Rac8 14. Nfg5 Nce7 15. Nxe6 Qxe6 16. Bf3 Rfd8 17. a3 Ng6 18. Nc3 Nxc3 19. Qxc3 b6 20. Rfd1 Ne5 21. Be2 Nc6 22. h3 Qe5 1/2-1/2

[Event "ch-Kyiv Men"]
[Site "Kyiv UKR"]
[Date "2008.01.20"]
[Round "2"]
[White "Kalinkin, B."]
[Black "Gerber, Vl"]
[Result "1-0"]
[WhiteElo "2223"]
[BlackElo "2130"]
[PlyCount "93"]
[EventDate "2008.01.19"]
[Source "www.chesslib.no"]
[SourceDate "2004.05.04"]

1. d4 Nf6 2. c4 e5 3. d5 Bb4+ 4. Nd2 a5 5. a3 Bxd2+ 6. Bxd2 c6 7. Bc3 d6 8. e3 Ne4 9. Qc2 Nxc3 10. Qxc3 O-O 11. Nf3 cxd5 12. cxd5 Nd7 13. Be2 Nf6 14. Bc4 Bf5 15. O-O Ne4 16. Qe1 Nc5 17. b4 Nd3 18. Qd2 e4 19. Nd4 Ne5 20. Nxf5 Nxc4 21. Qd4 Qg5 22. Ng3 b5 23. Nxe4 Qg6 24. a4 axb4 25. axb5 Ne5 26. Ng3 b3 27. e4 h5 28. f4 Rxa1 29. Rxa1 h4 30. fxe5 dxe5 31. Nf5 exd4 32. Ne7+ Kh7 33. Nxg6 Kxg6 34. Rb1 Kf6 35. Rxb3 Ke5 36. b6 f5 37. b7 Rb8 38. exf5 Kxd5 39. Kf2 Ke4 40. Ke2 h3 41. gxh3 d3+ 42. Kd2 Kxf5 43. Kxd3 Ke5 44. Ke3 Ke6 45. Kd4 Ke7 46. Ke5 Kf7 47. h4 1-0

[Event "POL-chTJ"]
[Site "Poland"]
[Date "1996.??.??"]
[Round "?"]
[White "Jurkiewicz, Miroslaw"]
[Black "Koc, Przemyslaw"]
[Result "0-1"]
[WhiteElo "2115"]
[BlackElo "2230"]
[PlyCount "86"]
[EventDate "1996.??.??"]
[Source "www.chesslib.no"]
[SourceDate "2004.05.04"]

1. d4 Nf6 2. c4 e5 3. e3 exd4 4. exd4 Bb4+ 5. Bd2 Bxd2+ 6. Qxd2 O-O 7. Bd3 Re8+ 8. Ne2 d5 9. Nbc3 Nc6 10. cxd5 Nb4 11. Bb1 Nbxd5 12. O-O Be6 13. Bd3 Nb4 14. Bb5 c6 15. Ba4 Bc4 16. a3 Nbd5 17. Rfe1 Nxc3 18. bxc3 Qa5 19. Bc2 Bxe2 20. Rxe2 Rxe2 21. Qxe2 Qxc3 22. Rb1 Re8 23. Qd1 b5 24. Bb3 Qa5 25. Qc1 Re2 26. d5 c5 27. Kf1 Qd2 28. Qxd2 Rxd2 29. Bc4 a6 30. a4 Nxd5 31. axb5 axb5 32. Ke1 Nc3 33. Ra1 Rd8 34. Rc1 Re8+ 35. Kf1 b4 36. f3 g6 37. Ra1 Re5 38. g3 Nd5 39. f4 Ne3+ 40. Kf2 Re7 41. Be2 c4 42. Rc1 b3 43. Bxc4 b2 0-1

[Event "Czech Republic"]
[Site "?"]
[Date "2002.??.??"]
[Round "4"]
[White "Zelenka Milan"]
[Black "Keprt Pavel"]
[Result "1/2-1/2"]
[WhiteElo "2177"]
[BlackElo "2167"]
[PlyCount "127"]
[EventDate "2002.??.??"]
[Source "www.chesslib.no"]
[SourceDate "2004.05.04"]

1. d4 Nf6 2. c4 e5 3. d5 Bc5 4. e3 O-O 5. Nf3 d6 6. Be2 Ne4 7. O-O f5 8. Qc2 Nd7 9. Nc3 Nxc3 10. Qxc3 a5 11. a3 Nf6 12. Qc2 Bd7 13. Bd2 a4 14. Bb4 b6 15. Nd2 e4 16. Nb1 Qe8 17. Nc3 Qg6 18. Bxc5 bxc5 19. f4 exf3 20. Bxf3 Rfe8 21. Rae1 Rab8 22. Re2 Rb3 23. Rfe1 Reb8 24. Qc1 Ne4 25. Bxe4 fxe4 26. Rf2 h5 27. Ree2 Bg4 28. Rc2 Bd7 29. Rf4 Re8 30. Rcf2 Kh7 31. Qc2 Kg8 32. Qc1 Rbb8 33. Qc2 Re5 34. Nxa4 Rg5 35. Nc3 Re8 36. a4 Rg4 37. Nb5 c6 38. Nc3 Re5 39. a5 cxd5 40. Nxd5 Bc6 41. a6 Rxf4 42. Rxf4 Qe8 43. Qb3 Qd8 44. a7 Re8 45. Rf1 Bxd5 46. cxd5 Qc7 47. Qa4 Ra8 48. Ra1 Qb7 49. Qxe4 Rxa7 50. Qe8+ Kh7 51. Qxh5+ Kg8 52. Qe8+ Kh7 53. Qe4+ g6 54. Rf1 Qxb2 55. Qh4+ Kg7 56. Qf4 Qe5 57. Qxe5+ dxe5 58. Rc1 Ra5 59. Kf2 Kf6 60. Kf3 Ke7 61. Rc3 Kd6 62. e4 Ra6 63. h4 Rb6 64. g4 1/2-1/2

[Event "NRW-Liga I 9495"]
[Site "GER"]
[Date "1995.??.??"]
[Round "?"]
[White "Richter, Goetz"]
[Black "Weisshaupt, Rainer"]
[Result "1-0"]
[WhiteElo "2205"]
[BlackElo "2125"]
[PlyCount "83"]
[EventDate "1994.??.??"]
[Source "www.chesslib.no"]
[SourceDate "2004.05.04"]

1. d4 Nf6 2. c4 e5 3. d5 Bb4+ 4. Nd2 c6 5. a3 Be7 6. e4 d6 7. Bd3 O-O 8. Ne2 Nbd7 9. Nc3 a5 10. b3 Qb6 11. Bc2 Nc5 12. h3 g6 13. O-O Nh5 14. Rb1 Na6 15. Kh1 Bd7 16. Nf3 Rad8 17. Ne1 Qc7 18. Nd3 Qc8 19. Kh2 f5 20. exf5 Bxf5 21. b4 axb4 22. axb4 Bxd3 23. Bxd3 Nf4 24. Be4 c5 25. b5 Nb8 26. Qg4 Nd7 27. g3 Nh5 28. Ra1 Nb6 29. Qe2 Qd7 30. Bh6 Ng7 31. Bd3 Rf7 32. g4 Ne8 33. Ne4 Bf8 34. Bg5 Rb8 35. Be3 Be7 36. f4 exf4 37. Bxf4 Ng7 38. Nxc5 Qc8 39. Ne4 Qc7 40. Bg3 Rxf1 41. Rxf1 Nd7 42. c5 1-0

[Event "Banfield Colegio IE-ch"]
[Site "?"]
[Date "2002.11.16"]
[Round "4"]
[White "Franchi Gustavo"]
[Black "Dellepiani Fernando"]
[Result "0-1"]
[WhiteElo "2189"]
[BlackElo "2131"]
[PlyCount "152"]
[EventDate "2002.??.??"]
[Source "www.chesslib.no"]
[SourceDate "2004.05.04"]

1. d4 Nf6 2. c4 e5 3. d5 Bb4+ 4. Nd2 O-O 5. a3 Bc5 6. b4 Bd4 7. Ra2 a5 8. Qb3 d6 9. e3 Bb6 10. Bd3 Re8 11. Bb1 axb4 12. axb4 Rxa2 13. Qxa2 Na6 14. Ba3 c6 15. dxc6 bxc6 16. Ne2 d5 17. c5 Bc7 18. O-O e4 19. Ng3 h5 20. Rd1 Qe7 21. Ndf1 h4 22. Ne2 Bg4 23. Re1 Be5 24. Qd2 h3 25. g3 Bd7 26. Nd4 Bxd4 27. exd4 Nc7 28. Bb2 Bg4 29. Ne3 Ne6 30. Bc2 Ng5 31. Qc1 Nf3+ 32. Kh1 Nxe1 33. Qxe1 Bd7 34. Bd1 Ra8 35. Qc3 Qe8 36. Be2 Qc8 37. Kg1 Bg4 38. Bf1 Bd7 39. Qb3 Qb7 40. Nd1 Nh7 41. Bc1 Qa7 42. Nc3 Qa1 43. Qc2 Nf6 44. Bb2 Qe1 45. Qe2 Qxe2 46. Bxe2 Ng4 47. b5 cxb5 48. c6 Bc8 49. Bxb5 e3 50. fxe3 Rb8 51. Bc1 Ra8 52. Ba4 Nf6 53. Bd1 Ra6 54. Ba4 Ne4 55. Nxe4 Rxa4 56. Nd6 Ra1 57. Nxc8 Rxc1+ 58. Kf2 Kf8 59. Nb6 Rxc6 60. Nxd5 Rc2+ 61. Kg1 g5 62. Nf6 Ke7 63. Ne4 g4 64. d5 f5 65. Ng5 Re2 66. e4 fxe4 67. Kf1 Rxh2 68. Nxe4 Ra2 69. Kg1 Rg2+ 70. Kh1 Re2 71. Ng5 Kd6 72. Ne6 Ra2 73. Nf4 Ke5 74. Kg1 Rd2 75. Kh1 Ke4 76. Kg1 Kf3 0-1

[Event "JUG Ch women"]
[Site "Kladovo"]
[Date "1990.??.??"]
[Round "?"]
[White "Gostovic Bozovic, Miroslava"]
[Black "Micic, Jordanka"]
[Result "0-1"]
[WhiteElo "2100"]
[BlackElo "2210"]
[PlyCount "125"]
[EventDate "1990.??.??"]
[Source "www.chesslib.no"]
[SourceDate "2004.05.04"]

1. d4 Nf6 2. c4 e5 3. d5 Bc5 4. Nc3 a5 5. e3 d6 6. Be2 O-O 7. Nf3 Ne8 8. e4 h6 9. Be3 Na6 10. O-O f5 11. exf5 Bxf5 12. Qd2 Nf6 13. Ne1 Qe7 14. Nd3 Bxe3 15. Qxe3 Rf7 16. f3 Raf8 17. a3 Nd7 18. Ne4 a4 19. Nc3 Nac5 20. Nb4 Nb6 21. Rad1 Bg6 22. Nb5 Rf4 23. Qc3 Be8 24. g3 R4f7 25. Nd3 Nb3 26. Nc1 Bxb5 27. Nxb3 Bd7 28. Nd2 Bf5 29. Rfe1 Nd7 30. Bf1 Qg5 31. Bg2 Nc5 32. Nf1 Bd7 33. Nd2 h5 34. b4 axb3 35. Nxb3 Nxb3 36. Qxb3 b6 37. a4 Ra8 38. Ra1 Ra5 39. Qc3 Rf8 40. Ra3 Rfa8 41. Rea1 Rxa4 42. Rxa4 Rxa4 43. Rxa4 Bxa4 44. Bh3 Qg6 45. Be6+ Kh7 46. g4 Qb1+ 47. Kf2 Qc2+ 48. Qxc2+ Bxc2 49. Ke3 hxg4 50. fxg4 g5 51. Kd2 Ba4 52. Bf5+ Kg7 53. Kc3 Kf6 54. Kd2 Ke7 55. Be4 Bd7 56. h3 b5 57. cxb5 Bxb5 58. Ke1 Kd8 59. Kf2 c5 60. dxc6 Kc7 61. h4 gxh4 62. g5 Bc4 63. Bh7 0-1

[Event "Corr"]
[Site "?"]
[Date "2000.10.01"]
[Round "?"]
[White "Cederquist Bengt"]
[Black "Garcia Sanchez Jose Manuel"]
[Result "1-0"]
[WhiteElo "2166"]
[BlackElo "2136"]
[PlyCount "81"]
[EventDate "2000.??.??"]
[Source "www.chesslib.no"]
[SourceDate "2004.05.04"]

1. d4 Nf6 2. c4 e5 3. d5 Bc5 4. e3 d6 5. Nc3 a6 6. Qc2 O-O 7. Bd3 c6 8. Nge2 cxd5 9. Nxd5 Nxd5 10. cxd5 f5 11. Nc3 e4 12. Be2 Nd7 13. a3 Qg5 14. g3 Ne5 15. Qd1 b5 16. h4 Qe7 17. b4 Bb6 18. Bb2 Bb7 19. a4 Nc4 20. Bxc4 bxc4 21. Qe2 Rac8 22. a5 Bd8 23. Qd2 Qf7 24. Rd1 Ba8 25. Ne2 Bf6 26. Bxf6 Qxf6 27. Nc3 Rfe8 28. Qd4 Qe7 29. Na4 Rc7 30. Nb6 c3 31. Rc1 Qf7 32. Rxc3 Rxc3 33. Qxc3 Bxd5 34. Qd4 Bc6 35. Qc4 Bb5 36. Qxf7+ Kxf7 37. Kd2 Ke6 38. Rc1 h5 39. Rc7 Re7 40. Rxe7+ Kxe7 41. Nd5+ 1-0